00801nam a22002057a 450000500170000001000150001702000270003203500140005903700090007308200110008210000240009324500640011725000060018126001010018727000700028830000320035894200250039099900190041595201610043420250109145843.0 aENG-143274 a9788198096395c1580.00 aEN-126806 bDBAD a328.54 aPrasad, K V 97625600aIndian Parliament Shaping of Foreign Policy/cBy K V Prasad a1 aNew DelhibKW Publishers KW Publishers in association with Centre for Land Warfare Studiesc2025 a4676/21, First Floor, Ansari Road, Daryaganj, bNew Delhie110002 axxiv,217p.c23cm(hb)bIndex 2ddccENmPRAh328.54 c208301d208301 001040708NFICaDBADbDBADd2025-01-09eDelivery of Books Act Divisiong1580.00l0oPRA 328.54pEN-126806r2025-01-09 00:00:00t1v1580.00w2025-01-09yEN